|
|
|
|
| LEADER |
01087nam a2200217 a 4500 |
| 008 |
100621r19871977enka b 000 0 eng d |
| 020 |
|
|
|a 0852380895 (pbk)
|
| 040 |
|
|
|a Uk
|c Uk
|d BD-DhAAL
|
| 082 |
0 |
4 |
|a 338.3/71/3
|2 19
|
| 100 |
|
|
|a Pillay, T. V. R.
|
| 245 |
1 |
0 |
|a Planning of aquaculture development :
|b an introductory guide /
|c prepared by T.V.R. Pillay.
|
| 260 |
|
|
|a Farnham :
|b Fishing News [for] the Food and Agriculture Organisation,
|c 1977 [reprinted 1987].
|
| 300 |
|
|
|a 71p. :
|b ill. ;
|c 23cm.
|
| 500 |
|
|
|a 'Partly based on the discussions at the FAO/NORAD Round Table on the "Strategy for Development of Aquaculture as an Industry" at Svanoy, Norway, July 1974'.
|
| 504 |
|
|
|a Bibliography: p.69.
|
| 541 |
1 |
|
|e 00003767
|
| 650 |
|
0 |
|a Aquaculture
|x Economic aspects.
|
| 710 |
2 |
|
|a Food and Agriculture Organization of the United Nations.
|
| 852 |
4 |
|
|a Ayesha Abed Library
|j General Shelf
|
| 999 |
|
|
|c 9029
|d 9029
|
| 952 |
|
|
|0 0
|1 0
|2 ddc
|4 0
|6 338_371300000000000_PIL_1987
|7 0
|9 11151
|a BRACUL
|b BRACUL
|c GEN
|d 2010-06-21
|g 0.00
|l 0
|o 338.3713 PIL
|p 3010003767
|r 2010-06-21
|t 1
|w 2010-06-21
|y BK
|z Not price in Register
|